|
|
|
|
| LEADER |
00000cam a2200000 7i4500 |
| 001 |
0000004082 |
| 005 |
20220105103957.0 |
| 008 |
070724 |
| 020 |
|
|
|a 0721415423
|
| 090 |
0 |
0 |
|a JP
|b FT ENG (5180)
|
| 245 |
0 |
0 |
|a Hansel and Gretel
|c This ladybird retelling by Audrey Daly;Illustrated by Peter Stevenson
|
| 260 |
|
|
|a New Delhi :
|b Penguin Books India ,
|c 1993
|
| 440 |
|
|
|a Ladybird favourite tales
|
| 500 |
|
|
|a Children age 4-6 years old (yellow)
|
| 650 |
|
0 |
|a Fairy tale
|
| 650 |
|
0 |
|a Junior preschool
|x English
|x Languages
|
| 700 |
0 |
|
|a Daly, Audrey
|
| 700 |
0 |
|
|a Stevenson, Peter
|
| 999 |
|
|
|a 0000893976
|b Book
|c Children Collection
|e Cawangan Mersing
|
| 999 |
|
|
|a 0000893978
|b Book
|c Children Collection
|e Cawangan Tangkak
|
| 999 |
|
|
|a 0000893983
|b Book
|c Children Collection
|e Cawangan Bandar Penawar
|
| 999 |
|
|
|a 0000972600
|b Book
|c Children Collection
|e Perbadanan Perpustakaan Awam Johor
|
| 999 |
|
|
|a 0000972601
|b Book
|c Children Collection
|e Cawangan Bandar Penawar
|
| 999 |
|
|
|a 0000972602
|b Book
|c Children Collection
|e Perbadanan Perpustakaan Awam Johor
|
| 999 |
|
|
|a 0000972603
|b Book
|c Children Collection
|e Perbadanan Perpustakaan Awam Johor
|
| 999 |
|
|
|a 0000972604
|b Book
|c Children Collection
|e Perbadanan Perpustakaan Awam Johor
|